000
00281pam a2200121 a 4500
020
_a
978-81-8138-078-8
_c
041
_h
100
_a
Bahuguna & Mallick.
245
_a
Handbook of the Mamamals
250
_a
1st Ed.2010.
260
_a
[s.l]:
_b
Natraj Publishers .
930
_a
2104
999
_c
247955
_d
247955